A timely reminder (Record no. 70666)

MARC details
000 -LEADER
fixed length control field 00905cam a2200217 4500
001 - CONTROL NUMBER
control field WB3824-15
008 - FIXED-LENGTH DATA ELEMENTS--GENERAL INFORMATION
fixed length control field 020703n2002 000 0 eng u
035 ## - SYSTEM CONTROL NUMBER
System control number (Sirsi) u118663
245 #2 - TITLE STATEMENT
Title A timely reminder
260 ## - PUBLICATION, DISTRIBUTION, ETC.
Date of publication, distribution, etc. 2002
490 ## - SERIES STATEMENT
Series statement Estates Gazette
Volume/sequential designation (0226) 29 June 2002, 136(1)
520 ## - SUMMARY, ETC.
Summary, etc. Discusses the recent CA case "Barclays Bank plc v Savile Estates Ltd" (2002) which considers a tenant's right to make time of the essence at rent review. It was found that rent review time limits can be express or implied, and that a tenant can issue a time of the essence notice after a 'reasonable period'.
590 ## - LOCAL NOTE (RLIN)
Local note WB
650 ## - SUBJECT ADDED ENTRY--TOPICAL TERM
Topical term or geographic name entry element RENT REVIEW
650 ## - SUBJECT ADDED ENTRY--TOPICAL TERM
Topical term or geographic name entry element TIME LIMITS
650 ## - SUBJECT ADDED ENTRY--TOPICAL TERM
Topical term or geographic name entry element TIME OF THE ESSENCE
650 ## - SUBJECT ADDED ENTRY--TOPICAL TERM
Topical term or geographic name entry element BARCLAYS BANK PLC V SAVILE ESTATES LTD
650 ## - SUBJECT ADDED ENTRY--TOPICAL TERM
Topical term or geographic name entry element AMHERST V JAMES WALKER GOLDSMITH AND SILVERSMITHLTD
690 ## - LOCAL SUBJECT ADDED ENTRY--TOPICAL TERM (OCLC, RLIN)
Topical term or geographic name as entry element LANDLORD AND TENANT-RENT REVIEWS
942 ## - ADDED ENTRY ELEMENTS (KOHA)
Suppress in OPAC 0
Holdings
Withdrawn status Lost status Source of classification or shelving scheme Damaged status Not for loan Home library Current library Shelving location Date acquired Total Checkouts Full call number Barcode Date last seen Copy number Price effective from Koha item type
    Dewey Decimal Classification     London London News article 03/07/2002   WB3824-15 118663-1001 06/08/2019 1 06/08/2019 News article